Hlavné nedostatky pri uplatňovaní systému manažérstva kvality

Pokračovanie článku z predchádzajúceho čísla. Analýza prípadov a chýb, ktorých sa manažmenty niektorých organizácií dopúšťajú pri nesprávnom pochopení alebo zanedbaní procesného riadenia.

Gespeichert in:
Bibliographische Detailangaben
1. Verfasser: Čollák, Mikuláš
Format: Buchkapitel
Sprache:Slowakisch
Schlagworte:
Tags: Tag hinzufügen
Keine Tags, Fügen Sie das erste Tag hinzu!

MARC

LEADER 00000naa a2200000 4500
001 0167670
005 20231012072335.7
041 0 |a slo 
044 |a SK 
245 1 0 |a Hlavné nedostatky pri uplatňovaní systému manažérstva kvality  |c Mikuláš Čollák 
520 |a Pokračovanie článku z predchádzajúceho čísla. Analýza prípadov a chýb, ktorých sa manažmenty niektorých organizácií dopúšťajú pri nesprávnom pochopení alebo zanedbaní procesného riadenia. 
610 2 0 |a manažment 
610 2 0 |a manažéri 
610 2 0 |a systémy informačné manažérske 
610 2 0 |a metódy riadenia 
610 2 0 |a riadenie kvality 
610 2 0 |a normy kvality 
100 1 |a Čollák, Mikuláš